000 00226nam a22000857a 4500
008 170621b xxu||||| |||| 00| 0 eng d
100 _93603
_aTarafder. S. K
245 _aEffective letter writting
260 _aNew Delhi
_bA. P. H
_c2008
999 _c6991
_d6991